000 01351cam a22002891i 4500
003 SA-RiAUC
005 20251224142445.0
008 251223s2006 su g f10010 ara c
020 _a9960880885
040 _aSA-AhKFU
_bara
_cSA-RiAUC
_erda
043 _aa-su---
050 4 _bL37 2006
082 0 4 _a050.9531
_qSA-RiAUC
090 _a050.9531
_bل ق ا
111 2 _aاللقاء العلمي لمسؤولي التحرير في المجلات العلمية المحكمة في المملكة العربية السعودية
_d(1425 هجري :
_cالرياض)
245 1 2 _aاللقاء العلمي لمسؤولي التحرير في المجلات العلمية المحكمة في المملكة العربية السعودية 19-3-1425 الموافق 8-5-2004 /
_cدارة الملك عبد العزيز.
264 1 _aالرياض :
_bدارة الملك عبد العزيز،
_c2006
300 _a130 صفحة ؛
_c20 سم
336 _aنص
_btxt
_2rdacontent
_3كتاب
337 _aبدون وسيط
_bn
_2rdamedia
338 _aمجلد
_bnc
_2rdacarrier
650 7 _aالدوريات العربية
_zالسعودية
_2aucsh
650 7 _aالصحافة
_xتحرير
_2aucsh
710 2 _aدارة الملك عبد العزيز
_eمنظم.
942 _2ddc
_cBOOK
_n0
949 _aSA-JeALM
_d251223
_umohamedma123
_n1
999 _c13682
_d13682